000 00976nam a2200265 a 4500
001 BRCA_5978
005 20190320205302.0
008 280311s2005----mx-a######---#000-0#spa-#
020 _a9703215548
041 _aspa
044 _amx
050 4 _aBF385
_b.B34 2005
100 1 _aBáez Rubí, Linda
_915098
245 1 0 _aMnemosine novohispánica
_bretórica e imágenes en el siglo XVI
_cLinda Báez Rubí.
260 _aMéxico
_bUNAM, Instituto de Investigaciones Estéticas
_c2005
300 _a393 p.
_bil.
_c23 cm.
440 0 _aEstudios de arte y estética
_v58
_915099
500 _aIncluye abreviaturas empleadas, lista de figuras, índice de manuscritos, índice onomástico y bibliográfico e índice temático
504 _aBibliografía: p. 331-353
650 1 4 _aMnemónica
_915100
650 1 4 _aRetorica
_xAspectos religiosos
_915101
650 1 4 _aRetorica
_xCristianismo - Historia
_915102
650 1 4 _aImágenes, Interpretación de
_915103
942 _2lcc
_cB
999 _c5667
_d5667